01603nam a2200157Ia 450000500170000000800410001702000180005804100080007608200080008410000190009224500540011126000330016530000080019852012270020665000120143320230502144234.0220524s9999 xx 000 0 und d a9780023287718 aeng a746 aDickerson K.G. aTextiles and Apparel in the International Economy bMacmillan Publishing Company a546 aPART I INTRODUCTION Chapter 1 Textiles & Apparel as an International Sector PART II AN OVERVIEW : HISTORY , THE INTERNATIONAL SETTING, THEORY Chapter 2 Historical Perspective Chapter 3 The International Setting – An Overview Chapter 4 Theoretical Perspective PART III TEXTILES AND APPAREL IN THE INTERNATIONAL ECONOMY Chapter 5 An Overview of the Global Textile Complex Chapter 6 Global Patterns of Textile and Apparel Trade PART IV THE U.S. TEXTILE COMPLEX IN THE INTERNATIONAL ECONOMY Chapter 7 An Overview of the U.S. Textile Complex Chapter 8 The U.S. Textile Industry Chapter 9 The U.S. Apparel Industry PART V MANAGING TEXTILE & APPAREL TRADE IN THE INTERNATIONAL ECONOMY Chapter 10 Textiles and Apparel Trade Policies Chapter 11 Structures for Facilitating and Managing Textile and Apparel Trade PART VI BALANCING CONFLICTING INTERESTS IN TEXTILE AND APPAREL TRADE Chapter 12 The Interests of Industry and Labor in Textile and Apparel Trade Chapter 13 The Interests of Retailers and Importers in Textile and Apparel Trade Chapter 14 The Interests of Consumers in textile and Apparel Trade Chapter 15 Policymaker and Textile/Apparel Trade PART VII CONCLUSION Chapter 16 Conclusions: A Problem with No Answers  aTextile